000 00558cam a22002291 4500
001 sa 64000433
003 DLC
005 20260227111956.0
008 890810s1962 ii 000 0 hino
010 _asa 64000433
035 _a(OCoLC)20158604
040 _aDLC
_cWaU
_dDLC
042 _apremarc
050 0 0 _aPK2098.M47
_bD5
100 1 _aMisra, Lakshmi Narayan,
_d1903-1987.
245 1 0 _aDharatī kā hr̥daya.
260 _c[1962]
300 _a12, 175 p.
_c19 cm.
500 _aIn Hindi.
500 _aA play.
600 0 0 _aKauṭalya
_vDrama.
999 _c56219
_d56219